Powiaty Polski z pustą mapą - wersja trudna - Statystyki

Ogólne statystyki
  • Ten quiz został rozwiązany 549 razy
  • Średni wynik to 220 z 380
Odpowiedzi na mapie
Odpowiedzi zakodowano w zielono-czerwonej skali na mapie do tego quizu, zgodnie z poniższymi procentami.
 
Statystyki odpowiedzi
Powiat % Poprawnych
miasto {Kraków}
79%
miasto {Warszawa}
79%
miasto {Gdańsk}
78%
miasto {Szczecin}
78%
miasto {Katowice}
76%
miasto {Łódź}
75%
miasto {Lublin}
75%
miasto {Poznań}
75%
krakowski
74%
miasto {Gdynia}
74%
miasto {Olsztyn}
74%
bielski
73%
kielecki
73%
miasto {Białystok}
73%
miasto {Kielce}
73%
miasto {Rzeszów}
73%
miasto {Wrocław}
73%
opolski
73%
miasto {Radom}
72%
miasto {Tarnów}
72%
miasto {Toruń}
72%
olsztyński
72%
poznański
72%
rzeszowski
72%
białostocki
71%
częstochowski
71%
koszaliński
71%
miasto {Częstochowa}
71%
miasto {Koszalin}
71%
miasto {Sopot}
71%
radomski
71%
suwalski
71%
tarnowski
71%
toruński
71%
augustowski
70%
brzeski
70%
gdański
70%
kołobrzeski
70%
lubelski
70%
miasto {Bydgoszcz}
70%
miasto {Opole}
70%
miasto {Suwałki}
70%
wrocławski
70%
zamojski
70%
bydgoski
69%
gorzowski
69%
miasto {Gliwice}
69%
miasto {Gorzów}
69%
miasto {Przemyśl}
69%
miasto {Słupsk}
69%
miasto {Zielona Góra}
69%
nowosądecki
69%
słupski
69%
zielonogórski
69%
elbląski
68%
krośnieński
68%
miasto {Chełm}
68%
miasto {Elbląg}
68%
miasto {Nowy Sącz}
68%
miasto {Świnoujście}
68%
miasto {Zamość}
68%
nowotarski
68%
przemyski
68%
chełmski
67%
kaliski
67%
legnicki
67%
miasto {Bielsko-Biała}
67%
miasto {Bytom}
67%
miasto {Chorzów}
67%
miasto {Łomża}
67%
miasto {Płock}
67%
miasto {Sosnowiec}
67%
pucki
67%
sandomierski
67%
tatrzański
67%
wejherowski
67%
karkonoski
66%
koniński
66%
malborski
66%
miasto {Konin}
66%
miasto {Krosno}
66%
miasto {Legnica}
66%
ostrowski
66%
płocki
66%
tarnobrzeski
66%
tomaszowski
66%
wałbrzyski
66%
włocławski
66%
ełcki
65%
kłodzki
65%
miasto {Grudziądz}
65%
miasto {Jelenia Góra}
65%
miasto {Siedlce}
65%
miasto {Wałbrzych}
65%
pilski
65%
siedlecki
65%
bieszczadzki
64%
inowrocławski
64%
miasto {Kalisz}
64%
miasto {Leszno}
64%
miasto {Rybnik}
64%
miasto {Zabrze}
64%
ostrołęcki
64%
oświęcimski
64%
pruszkowski
64%
cieszyński
63%
gnieźnieński
63%
grudziądzki
63%
miasto {Dąbrowa Górnicza}
63%
miasto {Ostrołęka}
63%
miasto {Piotrków Trybunalski}
63%
miasto {Tarnobrzeg}
63%
mielecki
63%
nyski
63%
piotrkowski
63%
wadowicki
63%
wielicki
63%
żywiecki
63%
bocheński
62%
chojnicki
62%
dąbrowski
62%
gliwicki
62%
hajnowski
62%
hrubieszowski
62%
iławski
62%
lęborski
62%
łomżynski
62%
lubiński
62%
miasto {Tychy}
62%
policki
62%
puławski
62%
sanocki
62%
stargardzki
62%
świdnicki
62%
bialski
61%
biłgorajski
61%
dębicki
61%
głogowski
61%
gorlicki
61%
jarosławski
61%
miasto {Biała Podlaska}
61%
miasto {Ruda Śląska}
61%
miński
61%
myślenicki
61%
nowodworski
61%
skierniewicki
61%
starachowicki
61%
tczewski
61%
giżycki
60%
leszczyński
60%
miasto {Skierniewice}
60%
miasto {Włocławek}
60%
miasto {Żory}
60%
ostrowiecki
60%
sieradzki
60%
starogardzki
60%
zgorzelecki
60%
bełchatowski
59%
bytowski
59%
kolski
59%
kutnowski
59%
legionowski
59%
limanowski
59%
miasto {Mysłowice}
59%
olkuski
59%
rybnicki
59%
stalowowolski
59%
wołomiński
59%
aleksandrowski
58%
gołdapski
58%
goleniowski
58%
grodziski
58%
grójecki
58%
janowski
58%
kamieński
58%
miasto {Jaworzno}
58%
miasto {Piekary Śląskie}
58%
miasto {Siemianowice Śląskie}
58%
otwocki
58%
żarski
58%
zgierski
58%
chrzanowski
57%
ciechanowski
57%
jasielski
57%
kluczborski
57%
leski
57%
miasto {Jastrzębie-Zdrój}
57%
mławski
57%
mrągowski
57%
pabianicki
57%
raciborski
57%
szczecinecki
57%
warszawski-zachodni
57%
bartoszycki
56%
będziński
56%
buski
56%
gryficki
56%
kraśnicki
56%
łódzki wschodni
56%
lubartowski
56%
miechowski
56%
opatowski
56%
suski
56%
wieluński
56%
zawierciański
56%
gryfiński
55%
jędrzejowski
55%
kazimierski
55%
łańcucki
55%
leżajski
55%
oławski
55%
pszczyński
55%
radomszczański
55%
skarżyski
55%
wodzisławski
55%
żyrardowski
55%
bolesławiecki
54%
grajewski
54%
miasto {Świętochłowice}
54%
nowosolski
54%
ostródzki
54%
piaseczyński
54%
płoński
54%
sejneński
54%
sławieński
54%
słubicki
54%
turecki
54%
żagański
54%
białogardzki
53%
garwoliński
53%
łęczycki
53%
lidzbarski
53%
lubliniecki
53%
piski
53%
przeworski
53%
pułtuski
53%
sochaczewski
53%
sokólski
53%
świecki
53%
tarnogórski
53%
zambrowski
53%
kętrzyński
52%
kościerski
52%
kwidzyński
52%
oleśnicki
52%
radzyński
52%
rawski
52%
ropczycko-sędziszowski
52%
średzki
52%
strzelecki
52%
świebodziński
52%
wałecki
52%
włodawski
52%
złotowski
52%
braniewski
51%
jaworski
51%
kartuski
51%
kędzierzyńsko-kozielski
51%
krasnostawski
51%
łęczyński
51%
łukowski
51%
mikołowski
51%
moniecki
51%
myśliborski
51%
namysłowski
51%
olecki
51%
oleski
51%
opoczyński
51%
proszowicki
51%
sokołowski
51%
tucholski
51%
włoszczowski
51%
brodnicki
50%
brzozowski
50%
drawski
50%
gostyniński
50%
kolbuszowski
50%
łowicki
50%
milicki
50%
nakielski
50%
niżański
50%
parczewski
50%
pińczowski
50%
rycki
50%
siemiatycki
50%
wrzesiński
50%
wysokomazowiecki
50%
zduńskowolski
50%
białobrzeski
49%
człuchowski
49%
działdowski
49%
głubczycki
49%
jarociński
49%
klobucki
49%
krapkowicki
49%
łosicki
49%
lubaczowski
49%
międzyrzecki
49%
myszkowski
49%
przasnyski
49%
pyrzycki
49%
rawicki
49%
sztumski
49%
węgorzewski
49%
żniński
49%
bieruńsko-lędziński
48%
dzierżoniowski
48%
kamiennogórski
48%
konecki
48%
kościański
48%
kozienicki
48%
krotoszyński
48%
lipski
48%
nowomiejski
48%
polkowicki
48%
prudnicki
48%
przysuski
48%
słupecki
48%
szczycieński
48%
węgrowski
48%
brzeziński
47%
chełmiński
47%
czarnkowsko-trzcianecki
47%
lwówecki
47%
ostrzeszowski
47%
staszowski
47%
świdwiński
47%
szamotulski
47%
wyszkowski
47%
złotoryjski
47%
zwoleński
47%
gostyński
46%
kępiński
46%
makowski
46%
nidzicki
46%
nowotomyski
46%
obornicki
46%
poddębicki
46%
wieruszowski
46%
żuromiński
46%
kolneński
45%
łaski
45%
łobeski
45%
sierpecki
45%
śremski
45%
strzyżowski
45%
ząbkowicki
45%
golubsko-dobrzyński
44%
lubański
44%
pajęczański
44%
pleszewski
44%
rypiński
44%
szydłowiecki
44%
wolsztyński
44%
wschowski
44%
chodzieski
43%
górowski
43%
międzychodzki
43%
sulęciński
43%
choszczeński
42%
mogileński
42%
strzelecko-drezdenecki
42%
trzebnicki
42%
wągrowiecki
42%
sępoleński
41%
strzeliński
41%
lipnowski
40%
wąbrzeski
40%
wołowski
40%
radziejowski
39%
Nie znaleziono quizów pasujących do podanych kryteriów
Rozkład punktacji
Procent ludzi z każdym wynikiem
Percentyl według liczby udzielonych odpowiedzi
Twoja historia wyników
Nie rozwiązałeś tego quizu